000 01228cab a2200349 4500
001 ABS46887
008 090401t1992 xxu||||| |||| 00| 0 eng d
035 _a(Sirsi) u59971
041 _aeng
100 _aBarnes, R.
245 _aIndependent auditing of building environments: a property management responsibility
260 _c1992
350 _a0
490 _aProperty Management
_v10(3) Summer 1992, 224-230(7)
520 _aFocuses on the property manager`s responsibility for ensuring a safe working environment. Of particular concern is the quality of air and water and this article covers the laboratory testing of these elements and how a proper monitoring system can be employed.
650 _aAIR QUALITY
650 _aCOSHH
650 _aFRESHFIELDS
650 _aGREEN ISSUES
650 _aHEALTH AND SAFETY
_96244
650 _aMONITORING
650 _aNAMAS
650 _aNATIONAL ACCREDITATION AND MEASUREMENT SERVICE
650 _aOFFICES
650 _aProperty management
_96262
650 _aRESPONSIBILITY
650 _aWATER SYSTEMS
690 _aPROPERTY MANAGEMENT-COMMERCIAL PROPERTY
690 _aOFFICE SERVICES AND ADMINISTRATION
942 _n0
948 _c04/03/1997
999 _c36907
_d36907